A MATTER OF HONOUR (Record no. 2260)
[ view plain ]
| 000 -LEADER | |
|---|---|
| fixed length control field | 00505nam a22001337a 4500 |
| 082 ## - DEWEY DECIMAL CLASSIFICATION NUMBER | |
| Classification number | 823 |
| Item number | ARC/M |
| 100 ## - MAIN ENTRY--AUTHOR NAME | |
| Personal name | ARCHER,JEFFREY |
| 245 ## - TITLE STATEMENT | |
| Title | A MATTER OF HONOUR |
| 260 ## - PUBLICATION, DISTRIBUTION, ETC. (IMPRINT) | |
| Place of publication | LONDON |
| Name of publisher | PAN BOOKS |
| 300 ## - PHYSICAL DESCRIPTION | |
| Number of Pages | 429 |
| 520 ## - SUMMARY, ETC. | |
| Summary, etc | A disgraced British colonel bequeaths a mysterious letter to his only son. But the moment Adam Scott opens the yellowing envelope, he sets into motion a deadly chain of events that threatens to shake the very foundations of the free world. |
| 650 ## - SUBJECT ADDED ENTRY--TOPICAL TERM | |
| Topical Term | NOVAL |
| Geographic subdivision | LONDON |
| 942 ## - ADDED ENTRY ELEMENTS (KOHA) | |
| Koha item type | Books |
| Withdrawn status | Lost status | Collection code | Home library | Current library | Shelving location | Date acquired | Source of acquisition | Full call number | Accession Number | Koha item type |
|---|---|---|---|---|---|---|---|---|---|---|
| Fiction | Main Library | Main Library | SHELF-2-D ENGLIAH NOVELS FOR TEACHERS | 15/10/2011 | PURCHASE | 823 ARC/M | 05615 | Books |